00362 a2200157 4500003000400000005001700004008004100021020001800062040000900080082002000089100001500109245002400124250001300148260003300161300001000194OSt20231202110053.0231202b |||||||| |||| 00| 0 eng d a9789353909079 coclc a894.8123bMEE/Q aMeera, K R aQabar /cK.R. Meera a17th ed. aKottayam:bD C Books,c2023. a104p.